| 000 | 00487cam a2200181ua 4500 | ||
|---|---|---|---|
| 041 |
_aeng _h |
||
| 082 |
_a670 _bMAS/EN |
||
| 100 | _aMaslov, D . | ||
| 245 |
_aEngineering manufacturing process in machine and assembly shops / _cD Maslov. _hTextual Documents |
||
| 250 |
_a1 / _b. |
||
| 260 |
_aMoscow : _bForeign Language Publishing House , _c1962. |
||
| 300 | _a413 ; . | ||
| 504 | _a | ||
| 700 | 1 | _aDanilevsky, V . | |
| 700 | 1 | _aSanov, . | |
| 942 | _cBK | ||
| 999 |
_c3301 _d3301 |
||